Southville International School and Colleges
Your cart is empty.
  • Cart
  • Lists
    Public lists Eva Luna New books Lux_list list_1
    Your lists Log in to create your own lists
  • Log in to your account
  • Your cookies
  • Search history
Southville International School and Colleges
  • Advanced search
  • Recent comments
  • Most popular
  • Libraries

Log in to your account

Log in with GOOGLE


If you do not have an external account, but do have a local account, you can still log in:

  1. Home
  2. MARC view: The A level mindset :
Normal view MARC view ISBD view

The A level mindset : (Record no. 360185)

[ view plain ]
MARC details
000 -LEADER
fixed length control field 00881nam a2200301Ia 4500
008 - FIXED-LENGTH DATA ELEMENTS--GENERAL INFORMATION
fixed length control field 181129s9999 xx 000 0 und d
020 ## - INTERNATIONAL STANDARD BOOK NUMBER
International Standard Book Number 9781785830242
050 ## - LIBRARY OF CONGRESS CALL NUMBER
Classification number 370.1
050 ## - LIBRARY OF CONGRESS CALL NUMBER
Item number O116 2016
100 ## - MAIN ENTRY--PERSONAL NAME
Personal name Oakes, Steve
245 #6 - TITLE STATEMENT
Title The A level mindset :
245 #0 - TITLE STATEMENT
Remainder of title 40 activities for transforming student commitment, motivation and productivity /
245 #0 - TITLE STATEMENT
Statement of responsibility, etc by Steve Oakes and Martin Griffin.
260 ## - PUBLICATION, DISTRIBUTION, ETC. (IMPRINT)
Place of publication, distribution, etc Camarthen, Wales :
260 ## - PUBLICATION, DISTRIBUTION, ETC. (IMPRINT)
Name of publisher, distributor, etc Crown House Publishing Limited,
260 ## - PUBLICATION, DISTRIBUTION, ETC. (IMPRINT)
Date of publication, distribution, etc 2016
300 ## - PHYSICAL DESCRIPTION
Extent 147 pages :
300 ## - PHYSICAL DESCRIPTION
Other physical details illustrations ;
300 ## - PHYSICAL DESCRIPTION
Dimensions 23cm.
650 ## - SUBJECT ADDED ENTRY--TOPICAL TERM
Topical term or geographic name as entry element A-level examinations --
650 ## - SUBJECT ADDED ENTRY--TOPICAL TERM
Topical term or geographic name as entry element Educational tests and measurements --
650 ## - SUBJECT ADDED ENTRY--TOPICAL TERM
Topical term or geographic name as entry element Students --
650 ## - SUBJECT ADDED ENTRY--TOPICAL TERM
General subdivision Great Britain.
650 ## - SUBJECT ADDED ENTRY--TOPICAL TERM
General subdivision Psychology.
650 ## - SUBJECT ADDED ENTRY--TOPICAL TERM
General subdivision Study and teaching -- Great Britain.
700 ## - ADDED ENTRY--PERSONAL NAME
Personal name Griffin, Martin.
700 ## - ADDED ENTRY--PERSONAL NAME
Personal name Title.
Holdings
Withdrawn status Lost status Damaged status Home library Current library Shelving location Date acquired Total Checkouts Full call number Barcode Date last seen Price effective from Koha item type
      Stonyhurst Southville International School (Malarayat) Stonyhurst Southville International School (Malarayat)   11/29/2018   SHS 370.1 O116 2016 SSISM5979 11/29/2018 11/29/2018 Books

The A level mindset :

APA

Oakes S., Griffin M. & Title.The A level mindset. Camarthen, Wales: .

Chicago

Oakes Steve, Griffin Martin and Title.The A level mindset. Camarthen, Wales: .

Harvard

Oakes S., Griffin M. and Title.The A level mindset. Camarthen, Wales: .

MLA

Oakes Steve, Griffin Martin and Title.Camarthen, Wales: . .

  • Place hold
  • Print
  • Cite
  • Add to your cart (remove)
  • Save record
    BIBTEX Dublin Core MARCXML MARC (non-Unicode/MARC-8) MARC (Unicode/UTF-8) MARC (Unicode/UTF-8, Standard) MODS (XML) RIS
  • More searches
    Search for this title in:
    Other Libraries (WorldCat) Other Databases (Google Scholar) Online Stores (Bookfinder.com) Open Library (openlibrary.org)

Exporting to Dublin Core...

SOUTHVILLE LIBRARY

Southville International School and Colleges Library

1281 Tropical Ave. Cor. Luxembourg St., BF Homes International, Las Pinas City

Tel. No. 8256374 / 252358 Loc. 117/146

Powered by Koha